000
00332nam a22001457a 4500
008
210310b ||||| |||| 00| 0 eng d
020
_a
2900536990845
041
_a
eng
080
_2
4th
_a
510
082
_a
510
100
_a
36
101
_a
MAT
245
_a
College Algebra Graphs & Modeles
_c
Bittinger, M. L
942
_2
udc
_c
BK
999
_c
56173
_d
56173